00740nam a22002057a 450000500170000001000150001702000270003203500140005903700130007308200120008610000240009824500620012226000390018427000680022330000210029150000510031294200260036399900190038995201260040820170703104319.0 aENG-118528 a9789384247973c1250.00 aEN-102060 bDBAD/PUB a381.072 aDeshmukh, Rajesh M. aResearch methodology in commerce /cby Rajesh M. Deshmukh aKanpurbChandralok Prakashanc2016 a132, Shivram Kripa, Mayur Park, Basant Vihar bKanpure208021 a332p. c22cm(Hb) aIncludes bibliographical reference and index  2ddccENmDESh381.072 c140833d140833 001040718NFICaDBADbBNd2017-06-07eDBAD/PUBg1250.00l0o381.072 DESpEN-102060r2017-06-07 00:00:00t1v1250.00yEN